000 00556nam a2200193 i 4500
001 56425
003 ES-MaACL
005 20230906163351.0
007 t|
008 031009s1978 sp ||||1| spa d
245 0 0 _aFísica del espacio /
_cversión y adaptación por Walter Strobl.
260 _a[Madrid] :
_bRioduero,
_c[1978]
300 _a262 p. :
_bil. ;
_c20 cm.
490 1 _aDiccionarios rioduero
700 1 _aStrobl, Walter.
_9108441
830 0 _aDiccionarios rioduero
_9182581
852 _aES-MaACL
_jA-9146
_bR.97712
999 _c56425
_d56425